| 000 | 01082cam a22002891 4500 | ||
|---|---|---|---|
| 999 |
_c329025 _d329025 |
||
| 001 | 7814107 | ||
| 003 | Nust | ||
| 005 | 20170420162656.0 | ||
| 008 | 790518s1929 xx 000 0 eng | ||
| 010 | _a 31021561 | ||
| 035 | _a(OCoLC)4981119 | ||
| 040 |
_aDLC _cOCl _dOCoLC _dDLC |
||
| 042 | _apremarc | ||
| 050 | 0 | 0 |
_aDS464 _b.G7 |
| 082 |
_a954 _bGRE |
||
| 100 | 1 | _aGrey, C. | |
| 245 | 1 | 0 |
_aEuropean adventurers of northern India, 1785 to 1849. _cBy C. Grey. Edited by H. L. O. Garrett. |
| 260 |
_aLahore, _bPrinted by the superintendent, Government printing, Punjab, _c1929. |
||
| 300 |
_a2 p. l., ii, iii p., 1 l., 361, xlviii, xii p. _bfront., plates, ports. _c26 cm. |
||
| 504 | _aBibliography: p. [iii]-iv at end. | ||
| 650 | 0 | _aAdventure and adventurers. | |
| 651 | 0 |
_aIndia _xHistory, Military. |
|
| 651 | 0 |
_aIndia _xHistory _yBritish occupation, 1765-1947. |
|
| 700 | 1 |
_aGarrett, H. L. O. _q(Herbert Leonard Offley), _d1881-1941, _eed. |
|
| 906 |
_a7 _bcbc _coclcrpl _du _encip _f19 _gy-gencatlg |
||
| 942 |
_2ddc _cBK |
||